000 00527nam a2200217Ia 4500
003 OSt
005 20221005115412.0
006 a|||||r|||| 00| 0
007 ta
008 221004b |||||||| |||| 00| 0 eng d
024 _a71446
037 _cTextual
040 _aCRL
_cCRL
_beng
041 _2eng
_aeng
082 _aY1:5sn2:M8, M1.1,3ArB
245 0 _aCensus of India 1981
260 _c1981
650 _aSOCIOLOGY
942 _hY1:5sn2:M8, M1.1,3ArB
_cTEXL
_2cc
999 _c1034705
_d1034705